000 00666nam a2200253 i 4500
001 C2-0247940
003 PPAK
005 20180727212342.0
008 030407s1998 enka|||| ||||| | eng d
020 _a0006645658
040 _aPPAK
_beng
_cPPAK
_erda
082 0 4 _a428.6
_223
090 0 0 _a428.6
_bHAW
_dK
100 1 _aHawkins, Colin,
_eauthor
245 1 0 _aFoxy and friends go racing
264 1 _aLondon :
_bPictureLions ,
_c1998
300 _a[23 pages] :
_bcolour illustrations ;
_c22 cm
336 _2rdacontent
_atext
337 _2rdamedia
_aunmediated
338 _2rdacarrier
_avolume
650 1 0 _aReaders
700 _eauthor
942 _ddc
_cB
999 _c61691
_d61691